| 000 | 01211nam a22003377a 4500 | ||
|---|---|---|---|
| 003 | CHAP | ||
| 005 | 20220329134126.0 | ||
| 008 | 971013s1994 r 00010 d | ||
| 010 | _a15777 | ||
| 011 | _a16749 | ||
| 035 | _a20831 | ||
| 040 | _cCHAP | ||
| 090 | _aTesis | ||
| 100 | 0 | 0 |
_aSilva Barriga, Leopoldo Tomás. _9105977 |
| 245 | _aCaracterización sinecológica del bosque de pino piñonero (P. cembroides subesp. orizabensis en Atlzayanza (Santa María Las Cuevas), Tlaxcala | ||
| 260 |
_aChapingo,Méx. : _bEl autor, _c1994 |
||
| 300 |
_a104 h. _b: ilus. |
||
| 502 | _aTesis (Ing. Agr. Esp. en Zonas Aridas) -- UACH. Departamento de Zonas Aridas | ||
| 590 |
_aALEPH _b10 _c20130110 _lUCH01 _h1238 |
||
| 590 |
_aBATCH-UPD _b10 _c20130109 _lUCH01 _h2357 |
||
| 590 |
_aBATCH-UPD _b10 _c20130110 _lUCH01 _h2013 |
||
| 590 |
_aBATCH-UPD _b10 _c20130409 _lUCH01 _h1930 |
||
| 590 |
_aBATCH-UPD _b10 _c20130410 _lUCH01 _h1331 |
||
| 590 |
_aBATCH-UPD _b10 _c20130914 _lUCH01 _h1913 |
||
| 590 |
_aCONVERSION _b10 _c20130109 _lUCH01 _h1310 |
||
| 650 | 1 | 4 |
_aPináceas _xTlaxcala. _988267 |
| 650 | 1 | 4 |
_aPinus cembroides. _988325 |
| 901 | _aBK | ||
| 942 | _cTESIS | ||
| 949 |
_bBC _cTES _d33724002165157 _eTS1 _h30279 _i20831 _si |
||
| 999 |
_c15777 _d15777 |
||